| 000 | 00359pab a2200145 454500 | ||
|---|---|---|---|
| 008 | 180718b2015 xxu||||| |||| 00| 0 eng d | ||
| 100 | _aHegde, Ganesh A. | ||
| 245 | _aAutonomous colleges: Review of stakeholders | ||
| 260 | _c2015 | ||
| 300 | _ap.89-95. | ||
| 362 | _a16 Feb | ||
| 650 | _aHigher education | ||
| 773 | _aUniversity News | ||
| 909 | _a107068 | ||
| 999 |
_c107063 _d107063 |
||